Cable Transfer Speeds - Statistics

General Stats
  • This quiz has been taken 4 times
  • The average score is 6 of 18
Answer Stats
Hint Answer % Correct
USB 2.0 480 Mbps
75%
USB 3.2 Gen 1 (3.0) 5 Gbps
75%
USB 3.2 Gen 2 (3.1) 10 Gbps
50%
Thunderbolt 1 10 Gbps
50%
USB 3.2 Gen 2x2 (3.2) 20 Gbps
50%
Thunderbolt 2 20 Gbps`
50%
Thunderbolt 3 40 Gbps
50%
eSATA 3.0 6 Gbps
50%
HDMI 2.0 6 Gbps
50%
SATA 1.0 150 MBps
25%
SATA 2.0 300 MBps
25%
SATA 3.0 600 MBps
25%
USB 1.1 12 Mbps
0%
eSATA 1.0 1.5 Gbps
0%
USB 1.0 1.5 Mbps
0%
SATA 3.2 2 GBps
0%
Firewire 3.2 Gbps
0%
eSATA 2.0 3 Gbps
0%
No matching quizzes found
Score Distribution
Percent of People with Each Score
Percentile by Number Answered
Your Score History
You have not taken this quiz